[Event "ISR-chT 2020"]
[Site "Israel"]
[Date "2020.01.17"]
[Round "3.9"]
[White "Erenberg, Shlomy"]
[Black "Zaslavsky, Mikhail"]
[Result "0-1"]
[WhiteElo "2145"]
[BlackElo "2405"]
[Annotator "TA"]
[PlyCount "154"]
[EventDate "2020.01.10"]
[EventType "team-tourn"]
[EventCountry "ISR"]
[SourceTitle "playchess.com"]
[Source "ChessBase"]
[SourceQuality "1"]

{[%evp 15,154,33,30,0,0,0,9,-2,16,2,6,1,15,-2,-9,-12,-9,-13,-8,-10,0,-9,-4,-19,0,-2,0,0,0,-2,0,-2,0,-7,0,0,0,-23,-23,-31,-4,-9,0,0,0,-9,-4,-9,-9,-9,-10,-18,-15,-24,-18,-32,-17,-16,-18,-22,-18,-54,-32,-56,-55,-72,-43,-67,-38,-59,0,-63,-61,-92,-91,-82,-89,-64,-64,-66,-40,-45,-45,-65,-24,-83,-88,-88,-81,-79,-54,-137,-140,-144,-131,-132,-140,-185,-122,-167,-164,-122,-113,-211,-197,-200,-196,-249,-218,-371,-237,-248,-247,-368,-331,-533,-482,-531,-502,-466,-466,-801,-801,-1070,-713,-794,-600,-801,-670,-793,-776,-750,-635,-12797,-12361,-29984,-29985,-29985,-29986,-29997,-29998]} 1. d4 Nf6 2. Nf3 e6 3. c4 Bb4+ 4. Bd2 Bxd2+ 5. Nbxd2 O-O 6. g3 b6 7. Bg2 Bb7 8. O-O c5 9. e3 {E16: Queen's Indian: 4 g3 Bb7 5 Bg2 Bb4+} (9. Qa4 Nc6 10. e3 cxd4 11. Nxd4 a6 12. Rfd1 Qc7 13. Nxc6 Bxc6 14. Bxc6 dxc6 15. Qc2 c5 16. Ne4 Nxe4 17. Qxe4 {½-½ (40) Palo,D (2562)-Shirov,A (2709) Tromsoe 2014}) 9... Qc7 10. Rc1 d6 11. Qc2 {The position is equal.} Nbd7 12. Rfd1 Rac8 13. b3 Rfd8 14. a3 $146 ({Predecessor:} 14. e4 cxd4 15. Nxd4 a6 16. Nb1 Qb8 {0-1 (31) Huseynov,S (2193)-Sukandar,I (2370) Porto Carras 2013}) 14... cxd4 15. exd4 b5 16. Qb2 bxc4 17. bxc4 Rb8 {[#] And now ...Bxf3 would win.} 18. Qc3 Rdc8 19. Rb1 Ne4 20. Qe3 Nxd2 21. Nxd2 Bxg2 22. Kxg2 Qc6+ 23. Kg1 (23. d5 {feels hotter.} exd5 24. cxd5 Qxd5+ 25. Ne4 Qa8 26. Rxb8 Rxb8 27. Rxd6 Nc5 28. Qxc5 Qxe4+ 29. Kh3) 23... Qa4 24. Rdc1 Rxb1 25. Rxb1 Nb6 26. Qb3 (26. c5 {with more complications.} dxc5 27. dxc5 Nd7 28. Ne4 h6 29. Rc1) 26... Qxb3 27. Rxb3 $11 {[%mdl 4096] Endgame KRN-KRN} Kf8 28. Rc3 $1 Na4 29. Rb3 Nb6 30. Rc3 $1 Ke7 31. Kf1 e5 32. dxe5 dxe5 33. Ke2 f5 34. Rb3 Kd6 35. Kd3 Kc6 36. Kc3 Na4+ 37. Kc2 $1 Nc5 38. Re3 Kd6 39. f3 Rb8 40. Re1 Rb6 41. Rd1 Kc6 42. Re1 Kd6 (42... Rb2+ $5 43. Kxb2 Nd3+ {[%mdl 64] Double Attack} 44. Kc2 Nxe1+ 45. Kb3 Kc5 $15) 43. Rd1 Ke6 44. Rb1 Rxb1 45. Nxb1 $17 {KN-KN} e4 46. fxe4 fxe4 47. Kd2 Na4 (47... Ke5 $5 {[%cal Re5d4]} 48. Ke3 Nb3 $15) 48. Ke3 Ke5 49. Nd2 Nb2 50. c5 (50. g4 $11) 50... Nd1+ 51. Ke2 Nc3+ 52. Ke3 Kd5 53. c6 (53. h4 $1 $15) 53... Kxc6 54. Kd4 Nb5+ 55. Kxe4 Nxa3 56. Ke5 Kd7 ({Black should try} 56... Kb5 $19 {Hoping for ...Nc4+.} 57. Kd4 Kb4) 57. g4 Nc2 58. h4 Nb4 59. Nc4 (59. h5 $17) 59... Nc6+ $19 60. Kf5 Ne7+ 61. Kf4 (61. Ke4 $142) 61... Ke6 62. h5 $2 {[#]} (62. Ke4) 62... Nc6 63. Ke4 a5 64. Nb2 (64. Nb6 $142) 64... Ne5 65. Kf4 $2 (65. g5 {was the only defense.}) 65... Kd5 66. Kf5 Nc4 67. Na4 Nd6+ 68. Kg5 (68. Kf4 $142 Kc4 69. g5) 68... Ke5 69. Nb6 Ke4 70. Kh4 Kf3 71. Na4 Ne4 72. Nb2 Nc5 73. Kg5 Ke4 74. h6 Ne6+ 75. Kh5 g5 {Black mates.} 76. Na4 Ke5 77. Nb2 Kf6 0-1

[Event "ISR-chT 2020"]
[Site "Israel"]
[Date "2020.01.17"]
[Round "3.10"]
[White "Maryasin, Boris"]
[Black "Klar, Nir"]
[Result "1/2-1/2"]
[WhiteElo "2315"]
[BlackElo "2094"]
[Annotator "TA"]
[PlyCount "132"]
[EventDate "2020.01.10"]
[EventType "team-tourn"]
[EventCountry "ISR"]
[SourceTitle "playchess.com"]
[Source "ChessBase"]
[SourceQuality "1"]

{[%evp 9,132,0,2,0,0,-2,7,2,4,-13,44,39,37,37,33,38,82,26,91,48,123,107,123,72,111,114,103,56,63,25,21,22,11,0,64,55,72,0,0,0,0,0,139,153,139,139,144,127,129,89,100,97,97,95,125,116,116,119,127,0,85,89,141,135,140,113,143,141,141,91,82,72,97,26,28,36,316,312,312,312,312,297,254,118,462,120,122,121,122,122,121,120,127,106,106,106,106,110,119,112,116,90,91,82,80,66,66,66,66,66,66,66,66,66,66,66,66,66,66,66,66,66,66,66,66]} 1. e4 c5 2. Nf3 Nc6 3. Bb5 e5 4. O-O Bd6 5. b4 (5. c3 a6 6. Bxc6 dxc6 7. d4 exd4 8. cxd4 Bg4 9. e5 Bc7 10. dxc5 Qxd1 11. Rxd1 Bxf3 12. gxf3 Bxe5 {½-½ (31) Giri,A (2797)-Rapport,R (2726) Shenzhen 2019}) 5... Nxb4 $146 ({Predecessor:} 5... cxb4 6. a3 bxa3 7. d4 exd4 8. c3 Nge7 9. cxd4 O-O 10. e5 Bb8 11. Bxa3 d5 {½-½ (34) Radovic,J (2430)-Miljkovic,M (2483) Subotica 2019}) 6. Bb2 {B30: Sicilian: 2...Nc6 3 Bb5, lines without ...g6} a6 7. a3 Nxc2 8. Qxc2 {The position is equal.} axb5 9. Nxe5 f6 (9... Ne7 $11) 10. Nf3 $14 Ne7 11. d4 cxd4 12. Nxd4 O-O 13. Nc3 (13. Nxb5 $16 Bf4 14. Qb3+ d5 15. N1c3) 13... b6 (13... Qc7 $11) 14. Rfd1 Qe8 ({Black should try} 14... Qc7 $1 $14) 15. Ndxb5 $16 Bb8 16. Qb3+ (16. Nd6 $142 Qh5 17. Na4) 16... Kh8 17. Nd6 Qh5 18. Qxb6 Ba6 {Black wants to play ...Nc8.} 19. h3 Ba7 20. Qc7 Ng6 {Threatening ...Qh4.} 21. Qxd7 Ne5 (21... Bxf2+ $1 $11 22. Kxf2 Qc5+ 23. Kg3 Qe5+ 24. Kf2 Qc5+ 25. Kg3 Qe5+ 26. Kf2 Qc5+) 22. Qf5 $14 Qxf5 23. exf5 (23. Nxf5 $16 {aiming for Nd5.} Nd3 24. Rd2) 23... Nd3 $1 $11 24. Rd2 Rab8 25. Nd1 Rb6 (25... Rbd8 $11 26. a4 (26. Ne4 Bb7 $11) 26... Rxd6) 26. Bd4 $16 Rxd6 27. Bxa7 Ra8 28. Rb1 h5 29. Rb8+ Rxb8 30. Bxb8 Rb6 31. Bc7 Rc6 32. Bd8 Rc8 33. Be7 Rc7 34. Bd8 Rc8 $1 {[%cal Rc8d8]} 35. Bb6 Rc6 (35... Rb8 $142) 36. Be3 Ne5 37. Kh2 Bc8 38. Rd5 Kh7 39. f4 Nc4 40. Bc5 Ra6 41. g4 (41. Bf8 $16) 41... hxg4 $11 42. hxg4 Nxa3 $2 {[%mdl 8192] [#]} ({Black should play} 42... Ra5 $14) 43. Rd8 $1 $18 {[%cal Rd8c8]} Bb7 44. g5 fxg5 45. fxg5 Be4 {[#]} 46. Ne3 (46. Rf8 $1 $18 {is the precise move to win.}) 46... Nc2 $2 {[%mdl 8192]} (46... Bxf5 $16 {is tougher.} 47. Nxf5 Kg6) 47. g6+ $2 (47. Kg3 $18 {and the rest is easy.}) 47... Kh6 $16 48. Kg3 {Black must now prevent Rh8+.} Bxf5 49. Nxf5+ Kxg6 50. Nh4+ Kh7 51. Nf3 {Hoping for Rd2.} Na3 52. Rd7 {And now Bd4 would win.} Nb5 53. Kg4 {Threatens to win with Bb4.} Rc6 54. Be3 {Strongly threatening Kh5.} Nc7 55. Ng5+ Kg6 56. Bd4 Ne8 57. Ne4 Nf6+ {White is slightly better.} 58. Nxf6 gxf6 $14 {[%mdl 4096] Endgame KRB-KR} 59. Kf4 Re6 60. Ra7 Rc6 61. Ke4 Re6+ 62. Kd5 Re1 63. Ra6 Rf1 64. Ke4 Re1+ 65. Kf3 Rf1+ 66. Kg4 (66. Ke2 $5 {[%cal Re2f1]} Rf4 67. Kd3 $11) 66... Kg7 {Accuracy: White = 48%, Black = 56%.} 1/2-1/2

[Event "ISR-chT 2020"]
[Site "Israel"]
[Date "2020.01.17"]
[Round "3.11"]
[White "Lavi, Idan"]
[Black "Polyakov, Alex"]
[Result "0-1"]
[WhiteElo "2095"]
[BlackElo "2235"]
[Annotator "ChessBase"]
[PlyCount "92"]
[EventDate "2020.01.10"]
[EventType "team-tourn"]
[EventCountry "ISR"]
[SourceTitle "playchess.com"]
[Source "ChessBase"]
[SourceQuality "1"]
[TimeControl "40/5400+30:1800+30"]

1. d4 {[%emt 0:00:31]} b6 {[%emt 0:00:00]} 2. Nf3 {[%emt 0:02:55]} Nf6 {[%emt 0:00:00]} 3. Bf4 {[%emt 0:00:40]} Bb7 {[%emt 0:01:10]} 4. e3 {[%emt 0:01:28]} c5 {[%emt 0:01:15]} 5. c3 {[%emt 0:01:27]} g6 {[%emt 0:00:11]} 6. Nbd2 {[%emt 0:01:39]} Bg7 {[%emt 0:00:11]} 7. Bd3 {[%emt 0:02:00]} O-O {[%emt 0:00:18]} 8. O-O {[%emt 0:02:37]} d6 {[%emt 0:00:58]} 9. Qe2 {[%emt 0:08:39]} Nbd7 {[%emt 0:19:23]} 10. e4 {[%emt 0:11:09]} cxd4 {[%emt 0:02:59]} 11. cxd4 {[%emt 0:05:51]} Nh5 {[%emt 0:01:35]} 12. Bg5 {[%emt 0:01:25]} h6 {[%emt 0:00:16]} 13. Be3 {[%emt 0:03:03]} e5 {[%emt 0:04:36]} 14. g3 {[%emt 0:02:42]} exd4 {[%emt 0:13:09]} 15. Bxd4 {[%emt 0:01:11]} Nc5 {[%emt 0:00:24]} 16. Bxg7 {[%emt 0:03:03]} Kxg7 {[%emt 0:00:22]} 17. b4 {[%emt 0:12:01]} Nxd3 {[%emt 0:02:06]} 18. Qxd3 {[%emt 0:01:26]} Nf6 {[%emt 0:03:19]} 19. Rfe1 {[%emt 0:01:09]} Re8 {[%emt 0:00:48]} 20. Rad1 {[%emt 0:00:50]} Rc8 {[%emt 0:01:54]} 21. Qd4 {[%emt 0:03:09]} Qc7 {[%emt 0:03:30]} 22. h4 {[%emt 0:09:03]} Qc3 {[%emt 0:02:14]} 23. Qxc3 {[%emt 0:06:02]} Rxc3 {[%emt 0:00:20]} 24. Nd4 {[%emt 0:02:06]} Rd3 {[%emt 0:05:38]} 25. Nb5 {[%emt 0:11:49]} Nxe4 {[%emt 0:01:44]} 26. f3 {[%emt 0:02:34]} Nxd2 {[%emt 0:00:28]} 27. Rxe8 {[%emt 0:00:42]} Nxf3+ {[%emt 0:00:13]} 28. Kf2 {[%emt 0:00:29]} Rxd1 {[%emt 0:00:11]} 29. Re7 {[%emt 0:00:16]} Rd2+ {[%emt 0:03:59]} 30. Ke3 {[%emt 0:00:44]} Ba6 {[%emt 0:00:32]} 31. a4 {[%emt 0:00:26]} Bxb5 {[%emt 0:00:37]} 32. axb5 {[%emt 0:00:02]} Rd5 {[%emt 0:00:53]} 33. Kxf3 {[%emt 0:00:09]} Rxb5 {[%emt 0:00:03]} 34. Rxa7 {[%emt 0:00:25]} Kf6 {[%emt 0:01:18]} 35. Ra4 {[%emt 0:00:40]} Ke5 {[%emt 0:00:16]} 36. Ke3 {[%emt 0:00:16]} h5 {[%emt 0:00:29]} 37. Kd3 {[%emt 0:00:32]} Rd5+ {[%emt 0:00:34]} 38. Ke3 {[%emt 0:01:36]} Rd4 {[%emt 0:00:24]} 39. Ra7 {[%emt 0:00:32]} Rxb4 {[%emt 0:00:16]} 40. Rxf7 {[%emt 0:00:11]} Rg4 {[%emt 0:31:27]} 41. Kf3 {[%emt 0:10:52]} b5 {[%emt 0:00:00]} 42. Rb7 {[%emt 0:00:30]} b4 {[%emt 0:00:00]} 43. Rb8 {[%emt 0:00:17]} Kd5 {[%emt 0:00:00]} 44. Rb7 {[%emt 0:01:03]} Kc4 {[%emt 0:00:00]} 45. Rc7+ {[%emt 0:00:16]} Kd3 {[%emt 0:00:00]} 46. Rd7 {[%emt 0:01:20]} Rd4 {[%emt 0:00:00]} 0-1

[Event "ISR-chT 2020"]
[Site "Israel"]
[Date "2020.01.17"]
[Round "3.12"]
[White "Kuprijanov, Anatoly"]
[Black "Cnaan, Moshe"]
[Result "1-0"]
[WhiteElo "2238"]
[BlackElo "1962"]
[Annotator "TA"]
[PlyCount "93"]
[EventDate "2020.01.10"]
[EventType "team-tourn"]
[EventCountry "ISR"]
[SourceTitle "playchess.com"]
[Source "ChessBase"]
[SourceQuality "1"]

{[%evp 18,93,10,10,10,10,6,0,47,2,9,9,10,10,39,39,36,32,35,28,31,11,9,16,15,15,22,25,58,50,96,95,89,89,79,63,129,51,66,73,79,85,70,20,25,26,12,0,0,8,95,88,95,95,88,86,81,84,107,88,146,130,129,133,118,122,252,234,273,256,347,343,371,361,380,369,368,334]} 1. d4 Nf6 2. Nf3 g6 3. Bf4 Bg7 4. e3 O-O 5. Be2 d6 6. O-O Nbd7 7. c3 Qe8 8. h3 e5 9. Bh2 Qe7 10. a4 a5 {A48: 1 d4 Nf6 2 Nf3 g6: Torre, London and Colle Systems} (10... Re8 11. a5 a6 12. Nbd2 e4 13. Ne1 Nf8 14. Qb3 h5 15. Nc2 N8h7 16. c4 Ng5 17. Kh1 c6 18. Qa3 {1-0 (50) Kamsky,G (2666)-Ragger,M (2701) Germany 2019}) 11. Na3 Ne8 12. Nc4 c6 $146 {The position is equal.} ({Predecessor:} 12... Kh8 13. Qb3 e4 14. Nfd2 f5 15. Rae1 Ndf6 16. Qa3 b6 17. Qb3 Ba6 18. Na3 Bxe2 19. Rxe2 {0-1 (34) Janjos,S (2125)-Zivic,D (2198) Kragujevac 2017}) 13. Qb3 e4 14. Nfd2 d5 15. Na3 Ndf6 16. c4 Be6 17. Qc3 Nd6 18. cxd5 cxd5 19. Rfc1 Rfc8 20. Qb3 Nf5 21. Nb5 {[#] Threatens to win with Nc7.} Ne8 22. Rc3 Rc6 23. Rac1 Rac8 24. Na7 Rxc3 25. bxc3 Ra8 26. Nb5 Bf8 (26... Rc8 $14) 27. Rc2 (27. c4 $16) 27... Qd7 28. c4 Bb4 29. cxd5 Bxd5 30. Bc4 Bxc4 31. Nxc4 {Strongly threatening Nb6.} Qe6 $1 32. Nd2 {aiming for Qxe6.} Qxb3 33. Nxb3 Nfd6 {[#]} (33... Ne7 $11 {keeps the balance.}) 34. Nxd6 $1 $16 Bxd6 35. Nc5 $36 {[%mdl 2048] Keeping Black busy.} Rc8 36. Bxd6 Nxd6 {[%mdl 4096] Endgame KRN-KRN} 37. Rb2 f5 38. g4 Kf8 ({Black should play} 38... h5) 39. Rb6 Rc6 40. Rb3 fxg4 41. hxg4 Ke7 (41... h5 $16 42. Kg2 (42. Nxb7 Nxb7 43. Rxb7 Rc4 $16) 42... hxg4) 42. Nxb7 $18 Rc1+ 43. Kg2 Nc4 {intending ...Nd2.} 44. Nc5 Nd6 45. Rb8 {White is winning.} h6 46. Rh8 Kf6 47. Rd8 {Accuracy: White = 64%, Black = 41%.} 1-0

[Event "ISR-chT 2020"]
[Site "Israel"]
[Date "2020.01.17"]
[Round "3.13"]
[White "Zoler, Dan"]
[Black "Raznikov, Danny"]
[Result "1/2-1/2"]
[WhiteElo "2485"]
[BlackElo "2506"]
[Annotator "TA"]
[PlyCount "83"]
[EventDate "2020.01.10"]
[EventType "team-tourn"]
[EventCountry "ISR"]
[SourceTitle "playchess.com"]
[Source "ChessBase"]
[SourceQuality "1"]

{[%evp 15,83,0,0,0,5,-18,-13,-16,-18,-14,-5,-18,-20,-26,-19,-55,-39,-40,-27,-40,-25,-29,0,0,0,0,9,14,8,6,101,109,108,108,109,97,305,107,107,0,0,0,0,0,20,20,19,16,34,28,65,31,68,47,50,24,48,42,41,33,33,31,37,42,60,42,62,62,62,50]} 1. d4 Nf6 2. c4 e6 3. Nf3 b6 4. g3 Bb7 5. Bg2 Bb4+ 6. Nbd2 O-O 7. O-O d5 8. Qc2 Nbd7 9. a3 {E16: Queen's Indian: 4 g3 Bb7 5 Bg2 Bb4+} (9. Rd1 c5 10. cxd5 exd5 11. dxc5 bxc5 12. a3 Ba5 13. e3 Qe7 14. b3 Rac8 15. Bb2 Rfe8 16. Nh4 Qe6 17. Rac1 {0-1 (54) Quintiliano Pinto,R (2484)-Bu,X (2705) Doha 2016}) 9... Bd6 10. b4 {Hoping for c5.} (10. e4 $5 dxe4 11. Ng5 $11) 10... c5 11. bxc5 {The position is equal.} bxc5 12. Rb1 Ba6 13. cxd5 exd5 14. Re1 Re8 15. Nf1 $146 ({Predecessor:} 15. e3 cxd4 16. Nxd4 Rc8 {0-1 (35) Kueh,M (1999)-Ferozkohi,I (2149) Perth 2012}) 15... cxd4 16. Nxd4 Ne4 17. Bb2 Rc8 18. Qd1 Be5 19. Ne3 Ndf6 20. Bh3 Nc3 21. Bxc3 $1 Rxc3 22. Qa4 Qd6 (22... Bxd4 $11 {remains equal.} 23. Qxd4 {[%mdl 64] Double Attack} Rxa3) 23. Ng4 $1 $16 {[%cal Rg4f6]} Kf8 {Threatens to win with ...Rc4.} 24. Nxe5 Rxe5 25. Nf5 $1 {[%cal Rf5d6]} Qxa3 $2 {[#]} (25... Qc6 $16 26. Rb8+ Re8 27. Rxe8+ Nxe8) 26. Qd4 $2 (26. Qf4 $1 $18 {[%cal Rf4e5] is the precise move to win.} Re4 27. Qg5) 26... Re4 {[#]} 27. Qxa7 (27. Qd2 $1 $16) 27... Bc8 $1 $36 {[%mdl 2048] Black fights for an advantage.} 28. Qb8 {And now Nd6 would win.} Re8 29. Qf4 {aiming for Nxg7!} Bxf5 30. Bxf5 Rc4 31. Qd2 Qc5 32. Bd3 Rc3 33. Rb5 Qc7 34. Reb1 Qe5 35. Rb7 Kg8 36. Ra7 {White is slightly better.} Rc7 37. Qa5 Rxa7 38. Qxa7 g6 39. Rb7 Qe6 40. Qd4 {Black must now prevent Rb6.} Qe5 41. Qxe5 Rxe5 42. Kg2 {Accuracy: White = 51%, Black = 31%.} 1/2-1/2

[Event "ISR-chT 2020"]
[Site "Israel"]
[Date "2020.01.17"]
[Round "3.14"]
[White "Baron, Tal"]
[Black "Bakalchuk, Johnatan"]
[Result "0-1"]
[WhiteElo "2529"]
[BlackElo "2443"]
[Annotator "TA"]
[PlyCount "56"]
[EventDate "2020.01.10"]
[EventType "team-tourn"]
[EventCountry "ISR"]
[SourceTitle "playchess.com"]
[Source "ChessBase"]
[SourceQuality "1"]

{[%evp 19,56,78,88,68,100,64,88,61,79,74,58,44,100,51,112,83,110,83,80,86,85,93,89,72,95,-6,-8,-7,0,0,0,0,0,0,0,0,0,-760,-758]} 1. d4 Nf6 2. c4 g6 3. Nc3 Bg7 4. e4 d6 5. f3 O-O 6. Be3 e5 7. d5 Nh5 8. Qd2 f5 9. exf5 gxf5 10. O-O-O Nd7 11. Nh3 {E87: King's Indian: Sämisch: 6...e5 7 d5} (11. Kb1 Nc5 12. Bxc5 dxc5 13. Nh3 a6 14. Bd3 Rb8 15. Rhe1 Bd7 16. Qe3 Qe7 17. Rg1 b5 18. g4 fxg4 19. fxg4 {½-½ (33) Dahlstroem,R (2468)-Lanc,A (2424) ICCF email 2015}) 11... Ndf6 12. Bg5 Qe8 13. Bd3 {White is better.} a6 14. Rhg1 Kh8 15. Nf2 Bd7 (15... Nd7 $14) 16. Rde1 $146 {g4 is the strong threat.} ({Predecessor:} 16. g4 fxg4 17. fxg4 Nf4 18. Bc2 Rf7 19. Bxf4 exf4 {1-0 (36) Grossmann,P-Bruder,W Germany 1986}) 16... Qc8 ({Black should try} 16... Ng8 $14) 17. Qd1 b5 18. g4 (18. cxb5 axb5 19. Qb3 Qb7 $11) 18... Nf4 19. Bxf4 exf4 20. Bxf5 (20. cxb5 $6 axb5 21. g5 Nh5 $15) 20... Bxf5 21. gxf5 Qxf5 22. Qc2 (22. cxb5 $6 Nd7 $11) (22. Re7 $16 Rg8 23. h4 (23. Rxc7 Rac8 $14) (23. cxb5 axb5 24. Qd3 Qh5 $11)) 22... Qh5 $11 23. Re7 $132 {[%mdl 2048] White is not holding back} (23. cxb5 axb5 24. Re7 Rf7 $17) 23... Rg8 24. Nce4 Nxe4 25. Nxe4 {[#] Black must now prevent Ng5.} Rae8 $1 {[%cal Re8e7]} 26. Rxe8 $1 ({But not} 26. Rxc7 Qxf3 27. Nd2 Qh3 $17) 26... Rxe8 27. Ng5 {aiming for cxb5.} bxc4 ({Wrong is} 27... Bd4 $2 28. Qf5 $18) 28. Qf5 $2 {[%mdl 8192]} ({Not} 28. Ne6 $2 Bf6 $19) (28. h4 $11) 28... Qxh2 {[%mdl 64] Double Attack. Accuracy: White = 56%, Black = 61%.} 0-1

[Event "ISR-chT 2020"]
[Site "Israel"]
[Date "2020.01.17"]
[Round "3.15"]
[White "Caspi, Israel"]
[Black "Zanan, Evgeny"]
[Result "1-0"]
[WhiteElo "2474"]
[BlackElo "2503"]
[Annotator "ChessBase"]
[PlyCount "71"]
[EventDate "2020.01.10"]
[EventType "team-tourn"]
[EventCountry "ISR"]
[SourceTitle "playchess.com"]
[Source "ChessBase"]
[SourceQuality "1"]
[TimeControl "40/5400+30:1800+30"]

1. e4 {[%emt 0:02:08]} c5 {[%emt 0:35:26]} 2. Nf3 {[%emt 0:00:06]} d6 {[%emt 0:00:21]} 3. d4 {[%emt 0:00:05]} cxd4 {[%emt 0:00:04]} 4. Nxd4 {[%emt 0:00:03]} Nf6 {[%emt 0:00:05]} 5. Nc3 {[%emt 0:00:05]} a6 {[%emt 0:00:03]} 6. f3 {[%emt 0:00:04]} e5 {[%emt 0:00:07]} 7. Nb3 {[%emt 0:00:06]} Be6 {[%emt 0:00:05]} 8. Be3 {[%emt 0:00:09]} Nbd7 {[%emt 0:00:29]} 9. g4 {[%emt 0:00:07]} b5 {[%emt 0:00:07]} 10. g5 {[%emt 0:00:05]} b4 {[%emt 0:00:50]} 11. Nd5 {[%emt 0:00:04]} Nxd5 {[%emt 0:00:10]} 12. exd5 {[%emt 0:00:02]} Bf5 {[%emt 0:00:05]} 13. Bd3 {[%emt 0:00:07]} Bxd3 {[%emt 0:00:12]} 14. Qxd3 {[%emt 0:00:02]} Be7 {[%emt 0:01:23]} 15. h4 {[%emt 0:00:07]} O-O {[%emt 0:00:47]} 16. O-O-O {[%emt 0:00:05]} f5 {[%emt 0:05:20]} 17. Kb1 {[%emt 0:04:04]} Qc7 {[%emt 0:06:49]} 18. f4 {[%emt 0:23:48]} Rac8 {[%emt 0:10:51]} 19. Rh2 {[%emt 0:09:21]} a5 {[%emt 0:08:36]} 20. Qb5 {[%emt 0:01:29]} Ra8 {[%emt 0:04:28]} 21. fxe5 {[%emt 0:08:28]} f4 {[%emt 0:07:57]} 22. Bc1 {[%emt 0:03:44]} Nxe5 {[%emt 0:03:16]} 23. Nd4 {[%emt 0:01:35]} Rab8 {[%emt 0:07:19]} 24. Ne6 {[%emt 0:05:51]} Qa7 {[%emt 0:00:11]} 25. Qf1 {[%emt 0:03:10]} f3 {[%emt 0:01:07]} 26. Nxf8 {[%emt 0:02:38]} Rxf8 {[%emt 0:00:04]} 27. Qh3 {[%emt 0:05:17]} a4 {[%emt 0:04:37]} 28. h5 {[%emt 0:02:34]} b3 {[%emt 0:01:55]} 29. h6 {[%emt 0:07:22]} g6 {[%emt 0:00:16]} 30. Qe6+ {[%emt 0:06:02]} Rf7 {[%emt 0:00:25]} 31. axb3 {[%emt 0:02:51]} axb3 {[%emt 0:00:02]} 32. cxb3 {[%emt 0:00:07]} f2 {[%emt 0:00:54]} 33. Rf1 {[%emt 0:00:51]} Nd3 {[%emt 0:00:56]} 34. Be3 {[%emt 0:01:02]} Qa5 {[%emt 0:01:03]} 35. Rhxf2 {[%emt 0:00:54]} Nxf2 {[%emt 0:00:05]} 36. Rxf2 {[%emt 0:00:05]} 1-0

[Event "ISR-chT 2020"]
[Site "Israel"]
[Date "2020.01.17"]
[Round "3.16"]
[White "Kobo, Ori"]
[Black "Zifroni, Dov"]
[Result "1/2-1/2"]
[WhiteElo "2445"]
[BlackElo "2452"]
[Annotator "RC"]
[PlyCount "32"]
[EventDate "2020.01.10"]
[EventType "team-tourn"]
[EventCountry "ISR"]
[SourceTitle "playchess.com"]
[Source "ChessBase"]
[SourceQuality "1"]
[TimeControl "40/5400+30:1800+30"]

1. d4 {[%emt 0:14:13]} Nf6 {[%emt 0:00:00]} 2. c4 {[%emt 0:00:24]} e6 {[%emt 0:00:00]} 3. g3 {[%emt 0:00:14]} d5 {[%emt 0:00:00]} 4. Bg2 {[%emt 0:00:21]} dxc4 {[%emt 0:00:14]} 5. Nf3 {[%emt 0:00:10]} c5 {[%emt 0:00:05]} 6. O-O {[%emt 0:00:28]} Nc6 {[%emt 0:00:01]} 7. Qa4 {[%emt 0:00:56]} Bd7 {[%emt 0:00:18]} 8. dxc5 {[%emt 0:00:09]} Na5 {[%emt 0:02:59]} 9. Qa3 {[%emt 0:01:30]} Rc8 {[%emt 0:02:11]} 10. b4 {[%emt 0:01:07]} cxb3 {[%emt 0:01:00]} 11. axb3 {[%emt 0:00:16]} Rxc5 {[%emt 0:01:01]} 12. Qb2 {[%emt 0:18:12]} Be7 {[%emt 0:10:04]} 13. b4 {[%emt 0:01:39]} Nc4 {[%emt 0:00:22]} 14. Qd4 {[%emt 0:04:25]} Rc8 {[%emt 0:01:07]} 15. Rxa7 {[%emt 0:02:28]} Bxb4 {[%emt 0:04:10]} 16. Rxb7 {[%emt 0:02:01]} Bc5 {[%emt 0:01:08]} 1/2-1/2